书目信息 |
| 题名: |
中国美术史
|
|
| 作者: | 王树良 , 张玉花 主编 | |
| 分册: | ||
| 出版信息: | 重庆 重庆大学出版社 2012.08 |
|
| 页数: | 175页 | |
| 开本: | 22cm | |
| 丛书名: | 艺术硕士入学考试考点精编 | |
| 单 册: | ||
| 中图分类: | J120.9 | |
| 科图分类: | ||
| 主题词: | 美术史--中国--研究生--入学考试--升学参考资料 , 美术史 | |
| 电子资源: | ||
| ISBN: | 978-7-5624-6568-3 | |
| 000 | 01053oam2 2200313 450 | |
| 001 | 010700141217 | |
| 005 | 20130504092209.54 | |
| 010 | @a978-7-5624-6568-3@dCNY28.00 | |
| 100 | @a20121110d2012 kemy0chiy50 ea | |
| 101 | 0 | @achi |
| 102 | @aCN@b500000 | |
| 105 | @aa z 000yy | |
| 106 | @ar | |
| 200 | 1 | @a中国美术史@9zhong guo mei shu shi@dHistory of Chinese art@e白金版@f王树良,张玉花主编@zeng |
| 205 | @a2版 | |
| 210 | @a重庆@c重庆大学出版社@d2012.08 | |
| 215 | @a175页@c图@d22cm | |
| 225 | 2 | @a艺术硕士入学考试考点精编 |
| 300 | @a艺术硕士考试研究中心组编 | |
| 330 | @a本书共分为七部分,主要内容包括:史前及先秦美术、秦汉美术、魏晋南北朝隋唐美术、五代宋元美术、明清美术等。 | |
| 461 | 0 | @12001 @a艺术硕士入学考试考点精编 |
| 510 | 1 | @aHistory of Chinese art@zeng |
| 606 | 0 | @a美术史@y中国@x研究生@x入学考试@j升学参考资料 |
| 606 | 0 | @a美术史 |
| 690 | @aJ120.9@v5 | |
| 701 | 0 | @a王树良@9wang shu liang@4主编 |
| 701 | 0 | @a张玉花@9zhang yu hua@4主编 |
| 801 | 0 | @aCN@bRENTIAN@c20121110 |
| 905 | @b542741-45@dJ120.9@e100=2@f5 | |
| 中国美术史=History of Chinese art:白金版/王树良,张玉花主编.-2版.-重庆:重庆大学出版社,2012.08 |
| 175页:图;22cm.-(艺术硕士入学考试考点精编) |
| 艺术硕士考试研究中心组编 |
| ISBN 978-7-5624-6568-3:CNY28.00 |
| 本书共分为七部分,主要内容包括:史前及先秦美术、秦汉美术、魏晋南北朝隋唐美术、五代宋元美术、明清美术等。 |
| ● |
| 相关链接 |
|
|
|
|
正题名:中国美术史
索取号:J120.9/100=2
 
预约/预借
| 序号 | 登录号 | 条形码 | 馆藏地/架位号 | 状态 | 备注 |
| 1 | 542741 | 205427411 | 第一样本阅览室/ [索取号:J120.9/100=2] | 在馆 | |
| 2 | 542742 | 205427420 | 密集书库-美术系/ [索取号:J120.9/100=2] | 在馆 | |
| 3 | 542743 | 205427439 | 第一借阅区/ [索取号:J120.9/100=2] | 在馆 | |
| 4 | 542744 | 205427448 | 第一借阅区/ [索取号:J120.9/100=2] | 在馆 | |
| 5 | 542745 | 205427457 | 第一借阅区/ [索取号:J120.9/100=2] | 在馆 |